=LDR 00000nam 2200000 4500 =001 INLIS000000000014248 =005 20130612105528 =008 ***********************************Ind** =035 ##$$0010-061300000014248 =041 ##$$a Ind =082 ##$$a R. 413.1 =090 ##$$a R. 413.1, Hus s =100 ##$$a Husain , Abdul Rajak =245 ##$$a Singkatan dan akromin buku bahasa Indonesia, Yang terlengkap disertai seluruh tanda dan lambang disiplin ilmu , Abdul Rajak husain =260 ##$$a 1994 $b Solo =300 ##$$a 142 hlm, 21 cm =850 ##$$a NBPNMAT